The State of Alternative Dispute Resolution in Kenya (Record no. 4329)
| 000 -LEADER | |
|---|---|
| fixed length control field | 00898cam a2200253 i 4500 |
| 001 - CONTROL NUMBER | |
| control field | 19981826 |
| 005 - DATE AND TIME OF LATEST TRANSACTION | |
| control field | 20230404120339.0 |
| 008 - FIXED-LENGTH DATA ELEMENTS--GENERAL INFORMATION | |
| fixed length control field | 170908e2015 ke b 001 0 eng |
| 020 ## - INTERNATIONAL STANDARD BOOK NUMBER | |
| International Standard Book Number | 9780639736457 |
| 040 ## - CATALOGING SOURCE | |
| Original cataloging agency | DLC |
| Language of cataloging | eng |
| Description conventions | rda |
| Transcribing agency | DLC |
| Modifying agency | DLC |
| 042 ## - AUTHENTICATION CODE | |
| Authentication code | lcode |
| -- | pcc |
| 043 ## - GEOGRAPHIC AREA CODE | |
| Geographic area code | f-ke--- |
| 050 00 - LIBRARY OF CONGRESS CALL NUMBER | |
| Classification number | KSK2044 |
| Item number | .M88 2022 |
| 100 1# - MAIN ENTRY--PERSONAL NAME | |
| Personal name | Kenneth W. Mutuma |
| Relator term | author. |
| Dates associated with a name | 2022 |
| 245 10 - TITLE STATEMENT | |
| Title | The State of Alternative Dispute Resolution in Kenya |
| Statement of responsibility, etc | Kenneth W. Mutuma Phd, CiArb, FCiArb , Wilfred A. Mutubwa Phd, CiArb, FCiArb |
| 260 ## - PUBLICATION, DISTRIBUTION, ETC. (IMPRINT) | |
| Place of publication, distribution, etc | South Africa |
| Name of publisher, distributor, etc | Ssali Publishing House |
| 300 ## - PHYSICAL DESCRIPTION | |
| Extent | xvi, 268 pages ; |
| Dimensions | 30 cm |
| 504 ## - BIBLIOGRAPHY, ETC. NOTE | |
| Bibliography, etc | Includes bibliographical references (pages 247-268) and index. |
| 650 #0 - SUBJECT ADDED ENTRY--TOPICAL TERM | |
| Topical term or geographic name as entry element | Dispute resolution (Law) |
| Geographic subdivision | Kenya. |
| 650 #0 - SUBJECT ADDED ENTRY--TOPICAL TERM | |
| Topical term or geographic name as entry element | Conflict management |
| Geographic subdivision | Kenya. |
| 650 #0 - SUBJECT ADDED ENTRY--TOPICAL TERM | |
| Topical term or geographic name as entry element | Due process of law |
| Geographic subdivision | Kenya. |
| 906 ## - LOCAL DATA ELEMENT F, LDF (RLIN) | |
| a | 7 |
| b | cbc |
| c | origode |
| d | 2 |
| e | ncip |
| f | 20 |
| g | y-gencatlg |
| 942 ## - ADDED ENTRY ELEMENTS (KOHA) | |
| Item type | Book |
| Source of classification or shelving scheme | |
| Withdrawn status | Lost status | Source of classification or shelving scheme | Damaged status | Not for loan | Home library | Current library | Date acquired | Total Checkouts | Total Renewals | Full call number | Barcode | Date last seen | Date last borrowed | Copy number | Price effective from | Koha item type |
|---|---|---|---|---|---|---|---|---|---|---|---|---|---|---|---|---|
| Riara University Library | Riara University Library | 04/04/2023 | 3 | 1 | KSK2044.M88 2022 | 10609/23 | 30/08/2024 | 14/08/2024 | C.1 | 04/04/2023 | Book | |||||
| Riara University Library | Riara University Library | 04/04/2023 | 1 | KSK2044.M88 2022 | 10610/23 | 26/04/2024 | 17/04/2024 | C.2 | 04/04/2023 | Book | ||||||
| Riara University Library | Riara University Library | 04/04/2023 | KSK2044.M88 2022 | 10611/23 | 04/04/2023 | C.3 | 04/04/2023 | Book | ||||||||
| Riara University Library | Riara University Library | 04/04/2023 | KSK2044.M88 2022 | 10612/23 | 04/04/2023 | C.4 | 04/04/2023 | Book |
